Дело о доставлении сведений не подвергался ли взысканиям во время службы в Дирекции коллежский секретарь Павел Тикулин

Доступно только в Электронных читальных залах Найти на картеНа карте
RUSMARC
00004383nmc2a22000003x 450
001f82908a0-a32b-4999-99ef-7ddbfdc9b574
00520181224223326.0
100##$a20170623l18451845k l0rusy0189 ca
1010#$arus
102##$aRU
2001#$aДело о доставлении сведений не подвергался ли взысканиям во время службы в Дирекции коллежский секретарь Павел Тикулин
$j21-24 марта 1845 г.
251##$cДело
300##$aПо Санкт-Петербургской дирекции за 1845 год
300##$aОриг. заголовок дела: Дело по отношению Государственного коммерческого банка об уведомлении, не подвергался ли коллежский секретарь Павел Тикулин за время службы при Дирекции каким случаям, лишающим права на получение знака отличия беспорочной службы. 21 марта 1845 г. - 24 марта 1845 г.
801#0$aRU
$bРГИА
$c20170623
$gRCR
801#1$aRU
$bГлавНИВЦ
$c20170623
$2rusmarc
801#2$aRU
$bПБ им. Б.Н. Ельцина
$c20181224
$gRCR
$2rusmarc
850##$aРГИА
852##$aРГИА
$eФедеральное казенное учреждение "Российский государственный исторический архив" (РГИА)
$j10440
937##$hРГИА
$d12246521
$aASBIBLIO_SCAN
462#0$1001dd3991dc-24e1-42ec-8838-ca4255420416
$12001
$a1746-1850 гг.
$1251
$cОпись
$1852
$j1
461#0$10019264ebf8-de62-4f1a-9eb4-9f22098dbbd5
$12001
$aДирекция императорских театров МИДв
$1251
$cФонд
$1852
$j497
215##$a3 л.
$d36,5х26 см
371##$aДокумент не является опубликованным и широко распространяемым
105##$ay###
1222#$ad
5171#$aДело по отношению Государственного коммерческого банка об уведомлении, не подвергался ли коллежский секретарь Павел Тикулин за время службы при Дирекции каким случаям, лишающим права на получение знака отличия беспорочной службы. 21 марта 1845 г. - 24 марта 1845 г.
035##$af82908a0-a32b-4999-99ef-7ddbfdc9b574
856##$uhttp://readingroom.main.prlib.ru/item.aspx?id_node=n122288720&mode=full
Формат отображения